Normal view
MARC view
- Jones, Frank Joseph
Entry Personal Name
001 - CONTROL NUMBER
- control field: 82322
003 - CONTROL NUMBER IDENTIFIER
- control field: NUST
005 - DATE AND TIME OF LATEST TRANSACTION
- control field: 20210909113402.0
008 - FIXED-LENGTH DATA ELEMENTS
- fixed length control field: 210909|| aca||aabn | a|a d
040 ## - CATALOGING SOURCE
- Original cataloging agency: NUST
- Transcribing agency: NUST
100 ## - HEADING--PERSONAL NAME
- Personal name: Jones, Frank Joseph
670 ## - SOURCE DATA FOUND
- Source citation: Work cat.: (NUST)33570: Fabozzi, Frank J. 30146, Foundations of financial markets and institutions /, c2013.
